000 00222 a2200109 4500
020 _a078073003990
041 _aspa
100 _aTeddy Margulies
245 _aClifford el dia de las sorpresas
942 _cBK
952 _74
999 _c19959
_d19959